书目信息 |
| 题名: |
中国道路安全
|
|
| 作者: | 刘希析 编著 | |
| 分册: | ||
| 出版信息: | 北京 经济日报出版社 1995.07 |
|
| 页数: | 617页 | |
| 开本: | 20cm | |
| 丛书名: | ||
| 单 册: | ||
| 中图分类: | U491.4-62 | |
| 科图分类: | ||
| 主题词: | 交通工程--技术管理 , 公路运输--技术管理 | |
| 电子资源: | ||
| ISBN: | 7-80127-011-8 | |
| 000 | 00597nam0 2200205 450 | |
| 001 | 0633210656 | |
| 005 | 20061127091534.68 | |
| 010 | @a7-80127-011-8@dCNY22.80 | |
| 100 | @a20061127d1995 km y0chiy0120 ea | |
| 101 | 0 | @achi |
| 102 | @aCN@b110000 | |
| 200 | 1 | @a中国道路安全@Azhong guo dao lu an quan@f刘希析等编著@Fliu xi xi deng bian zhu |
| 210 | @a北京@c经济日报出版社@d1995.07 | |
| 215 | @a617页@d20cm | |
| 606 | 0 | @a交通工程@x技术管理 |
| 606 | 0 | @a公路运输@x技术管理 |
| 690 | @aU491.4-62@v3 | |
| 701 | 0 | @a刘希析@Aliu xi xi@4编著 |
| 801 | 0 | @aCN@bPFT@c20061127 |
| 905 | @a10447@dU491.4-62@e69 | |
| 中国道路安全/刘希析等编著.-北京:经济日报出版社,1995.07 |
| 617页;20cm |
| ISBN 7-80127-011-8:CNY22.80 |
| ● |
| 相关链接 |
|
|
|
|
正题名:中国道路安全
索取号:U491.4-62/69
 
预约/预借
| 序号 | 登录号 | 条形码 | 馆藏地/架位号 | 状态 | 备注 |
| 1 | 0275833 | 001486742 | 第二样本阅览室/ [索取号:U491.4-62/69] | 在馆 |